Statistics for Super Smash Bros. Characters Alphabetical

Click here to take the quiz!

General Stats

  • This quiz has been taken 43 times
  • The average score is 60 of 79

Answer Stats

Characters% Correct
Mario
100%
Zelda
95%
Bowser
89%
Bowser Jr.
89%
Daisy
89%
Link
89%
Lucario
89%
Luigi
89%
Peach
89%
Yoshi
89%
Banjo & Kazooie
84%
Bayonetta
84%
Donkey Kong
84%
Fox
84%
Pikachu
84%
Samus
84%
Sheik
84%
Shulk
84%
Young Link
84%
Zero Suit Samus
84%
Dark Samus
79%
Falco
79%
Kirby
79%
Marth
79%
Mewtwo
79%
Pichu
79%
Pokémon Trainer
79%
Roy
79%
Terry
79%
Captain Falcon
74%
Cloud
74%
Corrin
74%
Dark Pit
74%
Dr. Mario
74%
Ganondorf
74%
Greninja
74%
Hero
74%
Ice Climbers
74%
Ike
74%
Incineroar
74%
Jigglypuff
74%
Joker
74%
Ken
74%
King Dedede
74%
Lucina
74%
Meta Knight
74%
Mr. Game & Watch
74%
Ness
74%
Olimar
74%
Palutena
74%
Piranha Plant
74%
Pit
74%
Richter
74%
Rosalina & Luma
74%
Simon
74%
Snake
74%
Toon Link
74%
Isabelle
68%
Lucas
68%
Mega Man
68%
Pac-Man
68%
Ridley
68%
R.O.B.
68%
Robin
68%
Ryu
68%
Sonic
68%
Villager
68%
Wario
68%
Wii Fit Trainer
68%
Diddy Kong
63%
Duck Hunt
63%
King K. Rool
63%
Little Mac
63%
Mii Brawler
63%
Mii Gunner
63%
Mii Swordfighter
63%
Chrom
58%
Wolf
58%
Inkling
53%

Score Distribution

Percentile by Number Answered

Percent of People with Each Score

Your Score History

You have not taken this quiz